| 000 | 00817cab a2200241 4500 | ||
|---|---|---|---|
| 001 | ABS53147 | ||
| 008 | 090401t1995 xxu||||| |||| 00| 0 eng d | ||
| 035 | _a(Sirsi) u2387 | ||
| 041 | _aeng | ||
| 100 | _aWhitehead, T. | ||
| 245 | _aRoad to nowhere | ||
| 260 | _c1995 | ||
| 350 | _a0 | ||
| 490 |
_aContract Journal _v378(6026) 25 May 1995, 16-17(2) |
||
| 520 | _aDescribes the construction industry`s reaction to proposals for the management of the trunk road network, as outlined in `Review of Agency Arrangements` published by the Highways Agency. | ||
| 650 | _aHIGHWAYS AGENCY | ||
| 650 | _aPRIVATISATION | ||
| 650 | _aROAD MAINTENANCE | ||
| 650 | _aPROPERTY-INFRASTRUCTURE-TRANSPORT INFRASTRUCTURE-ROAD INFRASTRUCTURE | ||
| 690 | _aTRANSPORT AND COMMUNICATIONS | ||
| 942 | _n0 | ||
| 948 | _c04/03/1997 | ||
| 999 |
_c1440 _d1440 |
||